Institute of Directors (Record no. 119727)

MARC details
000 -LEADER
fixed length control field 00781cam a2200181 4500
001 - CONTROL NUMBER
control field WS109697
008 - FIXED-LENGTH DATA ELEMENTS--GENERAL INFORMATION
fixed length control field 000000n 000 0 eng u
035 ## - SYSTEM CONTROL NUMBER
System control number (Sirsi) u109697
110 ## - MAIN ENTRY--CORPORATE NAME
Corporate name or jurisdiction name as entry element Institute of Directors
9 (RLIN) 795
245 ## - TITLE STATEMENT
Title Institute of Directors
520 ## - SUMMARY, ETC.
Summary, etc. Web site for this organisation which aims 'to be the prime organisation helping directors to fulfil their leadership responsibilities'. Includes a news service, a business information service, an overview of company law and links to articles on boardroom practice.
650 ## - SUBJECT ADDED ENTRY--TOPICAL TERM
Topical term or geographic name entry element COMPANY LAW
650 ## - SUBJECT ADDED ENTRY--TOPICAL TERM
Topical term or geographic name entry element Management consultancy
9 (RLIN) 6255
650 ## - SUBJECT ADDED ENTRY--TOPICAL TERM
Topical term or geographic name entry element ORGANISATION
690 ## - LOCAL SUBJECT ADDED ENTRY--TOPICAL TERM (OCLC, RLIN)
Topical term or geographic name as entry element MANAGEMENT-BUSINESS MANAGEMENT
856 40 - ELECTRONIC LOCATION AND ACCESS
Uniform Resource Identifier <a href="https://www.iod.co.uk">https://www.iod.co.uk</a>
Public note View the website free of charge at www.iod.co.uk...
942 ## - ADDED ENTRY ELEMENTS (KOHA)
Suppress in OPAC 0
Holdings
Withdrawn status Lost status Source of classification or shelving scheme Damaged status Not for loan Home library Current library Shelving location Date acquired Total Checkouts Full call number Barcode Date last seen Copy number Price effective from Koha item type
    Dewey Decimal Classification     Virtual Virtual Online 04/12/2000   WEB SITE 109697-2001 06/08/2019 1 06/08/2019 Online material